01372nam a2200337 a 4500001001000000003000900010005001700019007001000036008004100046020001800087040002200105082002600127092000600153100002700159245006800186260004200254300002000296490002800316500006300344586003400407650003500441650003500476830002600511942001200537945003600549952012800585952013400713952013400847956003800981999001501019000044297DO-SdBNP20171017113109.0000044297140613s2013 dr 000 0 spa d a9789945174939 aBPMSUbspacBPMSU 42 aRD863.44 bV145d a 1 aValdez, Pedro Antonio10aDromedáriux :bla batalla del armario /cPedro Antonio Valdez aSanto Domingo :bEdiciones SM,c2013. a78 p. ;c21 cm.1 aEl barco de vaporv; 14 aIncluye datos biográficos del autor en la contra portada aPremio el barco de vapor 2013 4aCUENTOS INFANTILES DOMINICANOS 4aLITERATURA INFANTIL DOMINICANA 0aEl barco de vaporv14 2ddccBK aInventariado infantil / 2017 VM 00102ddc40708CI-DaBPMETbBPMETd2015-02-02eDonación l0oRD863.44 V145dpBPMSU15040957r2015-02-02w2015-02-02yBK 00102ddc40708CI-DaBPMETbBPMETd2015-02-02eDonación l0oRD863.44 V145dpBPMSU15040958r2015-02-02te. 2w2015-02-02yBK 00102ddc40708CI-DaBPMETbBPMETd2015-02-02eDonación l0oRD863.44 V145dpBPMSU15040959r2015-02-02te. 3w2015-02-02yBK aVMATEOb10c20140613lBPMSUh0069 c7299d7299